000 00606nam a22002052 4500
001 0000024390
005 20151217152301.0
008 130910s xx 000 0 eng d
020 _a8131226551 :
040 _aKABU
_cKABU
245 1 0 _aNelson essentials of pediatrics /
_cKaren J. Marcdante ... [et al.].
250 _a6th ed.
260 _aPhiladelphia, PA :
_bSaunders,
_c2011.
300 _axix, 831 p.
650 0 _aPediatrics.
_@0000178253
700 1 _aMarcdante, Karen J.
_@0000180532
852 1 _9p7083 KES
908 _a130910
950 _@1
999 _c10251
_d10251